| 000 | 00514nam a22001697a 4500 | ||
|---|---|---|---|
| 003 | NUST - PNEC | ||
| 005 | 20170116180758.0 | ||
| 008 | 150409b xxu||||| |||| 00| 0 eng d | ||
| 040 | _cLIBRARY | ||
| 082 | _a297.1227 ABD | ||
| 100 |
_92283 _aAbdul, Rauf Shaikh |
||
| 245 |
_aAl-Baseerat: Quran e Hakeem se intekhabat _cLieutenant Colonel(Retd) Shaikh Abdul Rauf |
||
| 260 |
_aRawalpindi: _bAleem Publications, _cc1987. |
||
| 300 |
_a342 p. : _c24 cm. |
||
| 650 |
_92284 _aQuran, Vision _xGeneral |
||
| 942 |
_2ddc _cBK |
||
| 999 |
_c62836 _d62836 |
||